Rappeurs à 5 lettres par images - Statistiques

Statistiques générales
  • Ce quiz a été pris 300 fois
  • Le résultat moyen est 14 sur 26
Statistiques - réponses
Par images Réponse % Correct
Booba
95%
Ninho
95%
Diam's
93%
Niska
92%
Gambi
90%
Hatik
86%
Ademo
71%
Da Uzi
66%
Népal
66%
Dinos
65%
Sadek
64%
Larry
59%
Rohff
56%
Rilès
52%
Kekra
41%
Ridsa
40%
Disiz
37%
Timal
37%
Landy
36%
Doums
32%
Bekar
21%
Khali
20%
Benab
17%
Maska
17%
Bushi
15%
Roshi
14%
Aucun quiz correspondant
Distribution des résultats
% des personnes avec chaque résultat
Percentile par nombre de réponses
Votre historique - résultats
Vous n’avez pas pris ce quiz